000 00222nam a22000977a 4500
999 _c16238
_d16238
003 OSt
008 200625b ||||| |||| 00| 0 eng d
100 _aM aroor Manushegaran
_94637
245 _aLaghu niroopanangal
942 _cBK